Normal view
MARC view
- Probabilities
Entry Topical Term
001 - CONTROL NUMBER
- control field: 211091
003 - CONTROL NUMBER IDENTIFIER
- control field: OSt
005 - DATE AND TIME OF LATEST TRANSACTION
- control field: 20250116161112.0
008 - FIXED-LENGTH DATA ELEMENTS
- fixed length control field: 250116|| aca||aabn | a|a d
040 ## - CATALOGING SOURCE
- Original cataloging agency: OSt
- Transcribing agency: OSt
150 ## - HEADING--TOPICAL TERM
- Topical term or geographic name entry element: Probabilities
670 ## - SOURCE DATA FOUND
- Source citation: Work cat.: (OSt)364791: Murphy, Kevin P., 1970- 211090, Machine learning :, c2012.